| 000 | 01332nam a2200313Ia 4500 | ||
|---|---|---|---|
| 003 | OSt | ||
| 005 | 20210527110142.0 | ||
| 008 | 210310s2003 ck ad gr 000 0 spa d | ||
| 020 | _a9586824772 | ||
| 040 |
_aCO-JMCR _cCO-JMCR |
||
| 041 | 0 | _aspa | |
| 082 | 0 | 4 |
_a338.98 / _bE182e _223 |
| 100 | 1 |
_aEchavarría, Juan José, _eautor _926413 |
|
| 245 | 1 | 3 |
_aEconomías regionales en crisis : _bEl caso del Valle del Cauca / _cJuan José Echavarría, Israel Fainboim, Luis Alberto Zuleta |
| 250 | _aPrimera edición | ||
| 260 |
_aColombia : _bFedesarrollo, _c2003. |
||
| 300 |
_a123 páginas : _bilustraciones y gráficas en blanco y negro ; _c23 cm. |
||
| 490 | 0 |
_aSeries cuadernos de Fedesarrollo ; _v11 |
|
| 500 | _a0 | ||
| 501 | _aCon: notas a pie de pagina. | ||
| 504 | _aBibliografía : página 99-101. | ||
| 505 | _aPrimera hipótesis el ciclo difiere pues la estructura sectorial del Valle es distinta ?. -- Segunda hipótesis la crisis actual como un problema de competitividad de largo plazo ?. -- Tercera hipótesis una caída en la actividad del narcotráfico? | ||
| 650 | 1 | 4 |
_aEconomía regional. _926415 |
| 650 | 2 | 4 |
_aHistoria económica. _937940 |
| 650 | 2 | 4 |
_aCondiciones sociales. _937941 |
| 700 | 1 |
_aFainboim, Israel, _eautor _936645 |
|
| 700 | 1 |
_a Zuleta, Luis Alberto, _eautor _937942 |
|
| 942 |
_2ddc _cBK |
||
| 999 |
_c11775 _d11775 |
||